000 00847nam a2200253Ia 4500
003 OSt
005 20220930071755.0
006 a|||||r|||| 00| 0
007 ta
008 220926b |||||||| |||| 00| 0 hin d
024 _a18066
037 _cTheses
040 _aCRL
_cCRL
_bhin
041 _2hin
_ahin
100 _aAggrawal Uma Rani
_9528912
110 _aUniversity of Allahabad. Faculty of Arts. Department of Hindi
_9528913
245 0 _aRaja Shiv Prasad sitar-e-hind aur Raja Laxman Singh ka hindi bhasha ke vikas mein yogdan
260 _c1975
650 _aHINDI LITERATURE
_923866
700 _a Dr Matabadal Jaiswal Supervisor
_9528914
700 _aUniversity of Allahabad. Faculty of Arts. Department of Hindi
_9528915
942 _cDIS
_2CC
999 _c862811
_d862811